000 00309nam a22001337a 4500
008 180919b xxu||||| |||| 00| 0 eng d
020 _a9781455749089
041 _aeng
080 _a610..73
100 _a2
101 _aNUR
245 _aNew Directions In Nursing Education
_cSmith,
942 _2udc
_cBK
999 _c48034
_d48034